000 00680nam a2200289Ia 4500
005 20260324141830.0
008 008 260324s9999 xx 000 0 eng d
020 _a9780203769461
037 _aEBOOK
040 _aCRL
040 _beng
040 _cCRL
041 _2eng
041 _aeng
084 _qCRL
100 _aJohn Rapley
_91209684
245 0 _aUnderstanding Development
245 0 _bTheory And Practice In The Third World
260 _bTaylor and Francis
260 _c1996
365 _a
365 _b280
856 _uhttp://www.taylorfrancis.com/books/9780203769461
942 _cEBOOK
999 _c1813173
_d1813173